LEADER 03324nam 2200577 450 001 996466511103316 005 20220911122304.0 010 $a3-540-38963-6 024 7 $a10.1007/BFb0092979 035 $a(CKB)1000000000437900 035 $a(SSID)ssj0000326246 035 $a(PQKBManifestationID)12091046 035 $a(PQKBTitleCode)TC0000326246 035 $a(PQKBWorkID)10284075 035 $a(PQKB)10860518 035 $a(DE-He213)978-3-540-38963-7 035 $a(MiAaPQ)EBC5591091 035 $a(Au-PeEL)EBL5591091 035 $a(OCoLC)1066181701 035 $a(MiAaPQ)EBC6842922 035 $a(Au-PeEL)EBL6842922 035 $a(PPN)155172484 035 $a(EXLCZ)991000000000437900 100 $a20220911d1981 uy 0 101 0 $aeng 135 $aurnn|008mamaa 181 $ctxt 182 $cc 183 $acr 200 00$aRepresentations of algebras $eproceedings of the Third International Conference on Representations of Algebras, held in Puebla, Mexico, August 4-8, 1980 /$fedited by M. Auslander, E. Lluis 205 $a1st ed. 1981. 210 1$aBerlin, Germany :$cSpringer,$d[1981] 210 4$d©1981 215 $a1 online resource (XVIII, 374 p.) 225 1 $aLecture Notes in Mathematics,$x0075-8434 ;$v903 300 $aBibliographic Level Mode of Issuance: Monograph 311 $a3-540-11179-4 327 $aOn the number of terms in the middle of an almost split sequence -- On adjoint functors in representation theory -- Tilted algebras -- Representation-finite tree algebras -- Auslander-Reiten quivers of exact one-parameter partially ordered sets -- Complexity and Krull Dimension -- The universal cover of a representation-finite algebra -- Group-graded algebras and the zero relation problem -- Relative invariants and subgeneric orbits of quivers of finite and tame type -- Construction of tilted algebras -- On representations of the symmetric groups, nilpotent matrices, systems, vectorbundles and Schubert cells -- Induced modules and comodules and representations of BOCS's and DGC's -- Some remarks on the modular group algebras -- Topological aspects of matrix problems -- Some remarks on reflection functors -- Algebras stably equivalent to factors of hereditary -- On blocks with multiplicity one -- The connected component group of an algebra -- Cotorsion modules over tame finite-dimensional hereditary algebras -- Inequalities for blocktheoretic invariants -- TrD-periodic mdules over selfinjective algebras -- On the 2-modular representations of M12 -- Extensions of artinian rings by hereditary injective modules -- Universal coverings of selfinjective algebras -- Brauer-thrall I for orders and its application to orders with loops in their Auslander-Reiten graph -- What conditions do vertices of irreducible modules satisfy? -- On algebras whose trivial extensions are of finite representation type. 410 0$aLecture Notes in Mathematics,$x0075-8434 ;$v903 606 $aRepresentations of algebras 615 0$aRepresentations of algebras. 676 $a512.46 702 $aAuslander$b Maurice 702 $aLluis$b Emilio 801 0$bMiAaPQ 801 1$bMiAaPQ 801 2$bMiAaPQ 906 $aBOOK 912 $a996466511103316 996 $aRepresentations of algebras$980322 997 $aUNISA LEADER 02130nas 2200673-a 450 001 996218496903316 005 20230518213020.0 011 $a1995-4220 035 $a(DE-599)ZDB2455294-X 035 $a(OCoLC)232359967 035 $a(CKB)1000000000365620 035 $a(CONSER)--2018204297 035 $a(EXLCZ)991000000000365620 100 $a20080620a20089999 s-- a 101 0 $aeng 135 $aur||||||||||| 181 $ctxt$2rdacontent 182 $cc$2rdamedia 183 $acr$2rdacarrier 200 00$aPolymer science$hSeries D$iGlues and sealing materials 210 $a[Tortola, British Virgin Islands] $cPleiades Pub.$d2008- 215 $a1 online resource 300 $aRefereed/Peer-reviewed 311 $a1995-4212 517 3 $aPolymer science. 517 1 $aGlues and sealing materials 531 1 $aPolym. sci., Ser. D 606 $aAdhesives$vPeriodicals 606 $aGlue$vPeriodicals 606 $aSealing compounds$vPeriodicals 606 $aPolymers$vPeriodicals 606 $aAdhésifs$3(CaQQLa)201-0015429$vPériodiques$3(CaQQLa)201-0378307 606 $aPolymères$3(CaQQLa)201-0000257$vPériodiques$3(CaQQLa)201-0378307 606 $aColle$3(CaQQLa)201-0038127$vPériodiques$3(CaQQLa)201-0378307 606 $aProduits d'étanchéité$3(CaQQLa)201-0114913$vPériodiques$3(CaQQLa)201-0378307 606 $aAdhesives$2fast$3(OCoLC)fst00796614 606 $aGlue$2fast$3(OCoLC)fst00943716 606 $aPolymers$2fast$3(OCoLC)fst01070588 606 $aSealing compounds$2fast$3(OCoLC)fst01110294 608 $aPeriodicals.$2fast 608 $aPeriodicals.$2lcgft 610 $aMaterials Science 615 0$aAdhesives 615 0$aGlue 615 0$aSealing compounds 615 0$aPolymers 615 6$aAdhésifs 615 6$aPolymères 615 6$aColle 615 6$aProduits d'étanchéité 615 7$aAdhesives. 615 7$aGlue. 615 7$aPolymers. 615 7$aSealing compounds. 676 $a668.305 906 $aJOURNAL 912 $a996218496903316 996 $aPolymer science$9122018 997 $aUNISA